Which of the Two... World Cities Quiz Stats

Quiz Updated Mar 22, 2016

Challenge
Share
Tweet
Embed
Score 0/24 Timer 06:00
25 Plays Today
Which city... A or B % Correct
...belonged to Portugal before becoming autonomous?
(A) Hong Kong or (B) Macau
???
89.3%
...in Brazil is home to the statue Cristo Redentor?
(A) São Paulo or (B) Rio de Janeiro
???
87.3%
...is home to the world's largest annual Oktoberfest?
(A) Munich or (B) Berlin
???
86.9%
...was once the capital of Egypt?
(A) Aswan or (B) Alexandria
???
86.4%
...in Turkey is transcontinental?
(A) Istanbul or (B) Ankara
???
85.8%
...of India was formerly known as Bombay until 1995?
(A) New Delhi or (B) Mumbai
???
85.7%
...in Australia has the larger population?
(A) Melbourne or (B) Perth
???
84.6%
...in Thailand is located on the mainland?
(A) Phuket or (B) Bangkok
???
82.6%
...lies on the Danube?
(A) Budapest, Hungary or (B) Bucharest, Romania
???
82.5%
...in Russia is home to the Kremlin?
(A) Moscow or (B) St. Petersburg
???
82.5%
...would be worth more points in Scrabble?
(A) Bishkek or (B) Dushanbe
???
81.6%
...of South Africa lies closer to the Cape of Good Hope?
(A) Johannesburg or (B) Cape Town
???
75.2%
Which city... A or B % Correct
...features the Forbidden City?
(A) Beijing or (B) Shanghai
???
74.9%
...contains the Spanish Steps?
(A) Rome or (B) Madrid
???
74.1%
...in the Netherlands is nicknamed ''The Venice of the North''?
(A) Rotterdam or (B) Amsterdam
???
73.6%
...lies about 9 kilometers away from Mount Vesuvius?
(A) Naples or (B) Palermo
???
69.5%
...in New Zealand has a higher population density?
(A) Christchurch or (B) Auckland
???
67.7%
...in Indonesia is located in the UTC +7:00 time zone?
(A) Denpasar, Bali or (B) Jakarta, Java
???
66.5%
...of Morocco lies farther north?
(A) Casablanca or (B) Marrakesh
???
62.3%
...was formerly known as Edo?
(A) Kyoto or (B) Tokyo
???
61.6%
...is located on the Canadian Shield?
(A) Calgary or (B) Ottawa
???
55.5%
...is the oldest capital city in the Americas?
(A) Mexico City or (B) Quito
???
52.3%
...in France is closer to Paris?
(A) Lyon or (B) Dijon
???
49.7%
...in India is nicknamed the ''City of Joy''?
(A) Kolkata or (B) Jaipur
???
35.7%

You're not logged in!

Compare scores with friends on all Sporcle quizzes.
Sign Up with Email
OR
Log In

You Might Also Like...

Show Comments

Extras

Top Quizzes Today


Score Distribution

Your Account Isn't Verified!

In order to create a playlist on Sporcle, you need to verify the email address you used during registration. Go to your Sporcle Settings to finish the process.

Report this User

Report this user for behavior that violates our Community Guidelines.

Details: